=LDR 00000nam 2200000 4500 =001 INLIS000000000025353 =005 20130612123854 =008 ***********************************Ind** =035 ##$$0010-061300000025353 =041 ##$$a Ind =082 ##$$a F Rom K =090 ##$$a F Rom K, Rah m =100 ##$$a Rahimsyah, MB =245 ##$$a Membaca sambil mewarnai kelinci dan elang, MB Rahimsyah =260 ##$$a 2007 $b Surabaya =300 ##$$a 48 hlm, ilus, 21 cm =650 ##$$a Bacaan anak-anak =850 ##$$a NBPNMAT